000 00396nam a2200169Ia 4500
001 3583
003 IN-NITTTR
005 20251114232949.0
008 251113s9999||||xx |||||||||||||| ||eng||
040 _beng
040 _cIN-NITTTR
041 _aeng
082 _a370.0212 G191S
100 _aGarry, Ralph
245 0 _aStatistics in psychology and education /
_cGarry, Ralph
942 _2ddc
_cBK
999 _c5910
_d5910